000 00265nam a22001217a 4500
041 _aENG
100 _aGupta .R.B
245 _aManufacturing Processes .III
260 _aNew Delhi
_bSatya Prakashan
_c1998
300 _a107
650 _aFMP
856 _uFMP ( 04 )
999 _c1436
_d1436